[Event "9th Open"]
[Site "Banyoles ESP"]
[Date "2006.08.22"]
[Round "7"]
[White "Tiviakov,S"]
[Black "Almeida,O"]
[Result "1-0"]
[WhiteElo "2668"]
[BlackElo "2475"]

1.e4 c5 2.c3 Nf6 3.e5 Nd5 4.Nf3 e6 5.d4 cxd4 6.cxd4 d6 7.a3 Nd7 8.Bd3 Be7
9.O-O O-O 10.Qc2 g6 11.Bh6 Re8 12.Re1 dxe5 13.dxe5 Nc5 14.Bc4 Nb6 15.Bf1 Bd7
16.Nc3 Rc8 17.Qe2 Nba4 18.Nxa4 Bxa4 19.b4 Nd7 20.Qe3 Nb6 21.h4 a6 22.Ng5 Bf8
23.Bxf8 Rxf8 24.Ne4 Kg7 25.Nd6 Nd5 26.Qe4 Rc7 27.Rac1 Qd7 28.h5 Ne7 29.Qh4 Ng8
30.hxg6 hxg6 31.Ne4 Rxc1 32.Nf6 Nh6 33.Nxd7 Rxe1 34.Nxf8 Bb5 35.Qe7 Rxf1+
36.Kh2 Rxf2 37.Nxe6+ Kh7 38.Nd4 Bc4 39.Qxb7 Bf1 40.Kg1 Bxg2 41.Qxa6 Rb2 42.e6 Be4
43.e7  1-0

[Event "3rd Dato Arthur Tan"]
[Site "Kuala Lumpur MAS"]
[Date "2006.08.22"]
[Round "3"]
[White "Nay Oo Kyaw Tun"]
[Black "Simanjuntak,S"]
[Result "1/2-1/2"]
[WhiteElo "2508"]
[BlackElo "2260"]

1.e4 c5 2.c3 Nf6 3.e5 Nd5 4.d4 cxd4 5.Nf3 Nc6 6.cxd4 d6 7.Bc4 dxe5 8.Bxd5 Qxd5
9.Nc3 Qd6 10.d5 Nd4 11.Nxd4 exd4 12.Qxd4 e5 13.Qd3 Bd7 14.O-O f5 15.a4 Be7
16.Nb5 Bxb5 17.Qxb5+ Qd7 18.Re1 e4 19.f3 Qxb5 20.axb5 Bb4 21.Re2 Bc5+ 22.Kh1 O-O
23.Bf4 Rad8 24.Rd1 Rfe8 25.fxe4 Rxe4 26.Rxe4 fxe4 27.g3 e3 28.Kg2 e2 29.Re1 Rxd5
30.Rxe2 Bf8 31.Re5 Rd3 32.Re8 Kf7 33.Rb8 Rd7 34.Kf3 Be7 35.Ke4 Bf6 36.b3 Rd4+
37.Ke3 b6 38.Rb7+ Ke6 39.Bb8 Rb4 40.Bxa7 Rxb3+ 41.Ke4 Rb4+  1/2-1/2

[Event "Independence Cup A"]
[Site "Kyiv UKR"]
[Date "2006.08.22"]
[Round "10"]
[White "Vysochin,S"]
[Black "Pavlov,S2"]
[Result "1-0"]
[WhiteElo "2555"]
[BlackElo "2415"]

1.e4 c5 2.c3 Nf6 3.e5 Nd5 4.Nf3 Nc6 5.d4 cxd4 6.cxd4 d6 7.Bc4 Nb6 8.Bb3 d5
9.Nh4 e6 10.Nf3 Be7 11.O-O Bd7 12.Nc3 a5 13.a3 Na7 14.Be3 Nb5 15.Ne2 Na7
16.Nf4 Bb5 17.Re1 g6 18.Nd3 Nc4 19.Bh6 Nc6 20.Qc1 Nxa3 21.Nc5 Nc4 22.Nxb7 Qc7
23.Bxc4 Bxc4 24.Nd6+ Bxd6 25.exd6 Qxd6 26.Bg7 Rg8 27.Qh6 O-O-O 28.Rec1 Rd7
29.b3 Bxb3 30.Be5  1-0

[Event "Independence Cup A"]
[Site "Kyiv UKR"]
[Date "2006.08.22"]
[Round "10"]
[White "Kharchenko,B"]
[Black "Baryshpolets,A"]
[Result "1-0"]
[WhiteElo "2363"]
[BlackElo "2251"]

1.e4 c5 2.c3 Nf6 3.e5 Nd5 4.d4 cxd4 5.Nf3 e6 6.cxd4 b6 7.Bc4 Bb7 8.O-O Be7
9.Bxd5 Bxd5 10.Nc3 Bc4 11.Re1 O-O 12.b3 Ba6 13.d5 Bb4 14.Qd4 Bxc3 15.Qxc3 Bb7
16.Bg5 Qc8 17.Qd3 Qc5 18.Re4 h6 19.Bxh6 f5 20.exf6 Rxf6 21.Bxg7 Kxg7 22.Rg4+ Kf8
23.Qh7 Rf7 24.Rg8+ Ke7 25.Qh4+ Kd6 26.Qg3+ Ke7 27.d6+  1-0

[Event "Canadian Closed zt"]
[Site "Toronto CAN"]
[Date "2006.08.26"]
[Round "9"]
[White "Khassanov,M"]
[Black "Bolduc,S"]
[Result "1-0"]
[WhiteElo "2314"]
[BlackElo "2177"]

1.e4 c5 2.c3 Nf6 3.e5 Nd5 4.d4 cxd4 5.Nf3 d6 6.cxd4 Nc6 7.Bc4 e6 8.O-O Be7
9.Qe2 O-O 10.Nc3 dxe5 11.dxe5 Nxc3 12.bxc3 b6 13.Qe4 Bb7 14.Bd3 g6 15.Bh6 Na5
16.Qe3 Bc5 17.Qf4 Re8 18.Rad1 Qc7 19.Qf6 Bf8 20.Bxf8 Rxf8 21.Ng5 Rad8 22.Rfe1 Nc4
23.Bxc4 Rxd1 24.Rxd1  1-0

[Event "TCh-Serbia w"]
[Site "Zlatibor SCG"]
[Date "2006.08.26"]
[Round "1"]
[White "Peptan,C"]
[Black "Chelushkina,I"]
[Result "0-1"]
[WhiteElo "2425"]
[BlackElo "2353"]

1.e4 c5 2.c3 Nf6 3.e5 Nd5 4.g3 e6 5.Bg2 Nc6 6.Nf3 d6 7.exd6 Bxd6 8.O-O O-O
9.d4 cxd4 10.Nxd4 Bc5 11.Nb3 Bb6 12.N1d2 Ne5 13.Qe2 f6 14.Ne4 Qe7 15.Bd2 a5
16.c4 Nb4 17.c5 Bc7 18.Bxb4 axb4 19.Rfd1 Bd7 20.Nd6 Bc6 21.Nxb7 Bxg2 22.Kxg2 Ra7
23.Nd6 Rfa8 24.Qe4 g5 25.h3 Ra4 26.Rd4 Rb8 27.f4 gxf4 28.Qxf4 Ra6 29.Ne4 Rf8
30.Qf1 Ra7 31.Rxb4 f5 32.Nc3 Qd7 33.Rf4 Qc6+ 34.Kh2 Ng6 35.Qf3 Qe8 36.Re1 Bxf4
37.gxf4 Rg7 38.Rg1 Qb8 39.Ne2 Rff7 40.Qe3 e5 41.Nd2 exf4 42.Qb3 Qe5 43.Qf3 Qxc5
44.Nb3 Qe3 45.Nbd4 Qxf3 46.Nxf3 Ra7 47.a3 Rgb7 48.Nxf4 Rxb2+ 49.Kh1 Rxa3
50.Nxg6 hxg6 51.Rxg6+ Kh7 52.Rg3 Ra1+ 53.Ng1 f4 54.Rg2 Rb3 55.Kh2 Rbb1 56.Rg4 Ra2+
57.Rg2 Rbb2 58.Rxb2 Rxb2+ 59.Kh1 Kg6 60.Nf3 Kf5 61.Kg1 Ke4 62.Nh2 f3 63.Ng4 Kf4
64.Nf2 Rb1+ 65.Kh2 Ke3 66.Ng4+ Ke2  0-1

[Event "TCh-Serbia"]
[Site "Zlatibor SCG"]
[Date "2006.08.26"]
[Round "1"]
[White "Markovic,Miros"]
[Black "Strikovic,A"]
[Result "0-1"]
[WhiteElo "2445"]
[BlackElo "2510"]

1.e4 c5 2.c3 Nf6 3.e5 Nd5 4.g3 d6 5.exd6 Qxd6 6.Bg2 Nc6 7.Na3 Bf5 8.Qe2 Qd7
9.Nf3 Nb6 10.d4 cxd4 11.cxd4 e6 12.O-O Bxa3 13.bxa3 O-O 14.Rd1 Rfd8 15.Bg5 f6
16.Be3 h6 17.Nh4 Bh7 18.Bh3 Re8 19.Rac1 Nd5 20.Rc5 Rad8 21.Rdc1 Qf7 22.Bg2 e5
23.dxe5 Nxe5 24.Bxd5 Rxd5 25.Rxd5 Qxd5 26.Qh5 Bg6 27.Qd1 Qxd1+ 28.Rxd1 Be4
29.f4 Nd3 30.f5 Rc8 31.Bxa7 Rc2 32.Ra1 Kf7 33.a4 Ke8 34.a5 Kd7 35.a4 Kd6
36.Rb1 Ra2 37.Bb6 Rxa4 38.h3 Ra2 39.g4 Kd5 40.Bd8 Kd4 41.Rf1 Ne5 42.Bc7 Nf7
43.Rc1 Kd3 44.Rd1+ Kc4 45.Rc1+ Kb5 46.Ng6 Ng5 47.Nf4 Nf3+ 48.Kf1 Ka6 49.Rd1 Bc6
50.Rd6 Nd2+ 51.Kf2  0-1

[Event "3rd Dato Arthur Tan"]
[Site "Kuala Lumpur MAS"]
[Date "2006.08.27"]
[Round "11"]
[White "Dotsenko,Vi"]
[Black "Mas,H"]
[Result "0-1"]
[WhiteElo "2103"]
[BlackElo "2415"]

1.e4 c5 2.c3 Nf6 3.e5 Nd5 4.d4 cxd4 5.Nf3 e6 6.cxd4 b6 7.Bd3 Bb7 8.O-O Qc7
9.a3 d6 10.Qe2 Nc6 11.Bd2 dxe5 12.dxe5 Be7 13.Nc3 Nxc3 14.Bxc3 O-O 15.Rac1 Rac8
16.Qe4 g6 17.Qg4 Rfd8 18.Bc2 Ba6 19.Rfe1 Bd3 20.Bb3 Qb7 21.Ng5 Bf5 22.Qh4 h5
23.h3 Na5 24.Ba2 Rd3 25.Qf4 Kg7 26.Ne4 Bxe4 27.Qxe4 Qxe4 28.Rxe4 Bxa3 29.Rce1 Be7
30.Bxa5 bxa5 31.Bc4 Rd2 32.b3 Bc5 33.R4e2 Rcd8 34.Kf1 Bb4 35.Rxd2 Rxd2 36.Rc1 Rb2
37.Ra1 Bc5 38.Rxa5 Bb6  0-1

[Event "VIII Open"]
[Site "Sants ESP"]
[Date "2006.08.28"]
[Round "4"]
[White "Cuartas,Ja"]
[Black "Felgaer,R"]
[Result "1/2-1/2"]
[WhiteElo "2466"]
[BlackElo "2581"]

1.e4 c5 2.c3 Nf6 3.e5 Nd5 4.g3 d6 5.exd6 e6 6.Bg2 Bxd6 7.Nf3 O-O 8.O-O Nc6
9.d4 b6 10.c4 Nde7 11.Nc3 Bb7 12.Ne4 cxd4 13.Nxd4 Be5 14.Nf3 Qxd1 15.Rxd1 Rad8
16.Rf1 Bb8 17.Bg5 f6 18.Be3 Nf5 19.Rfd1 Nb4 20.Ne1 Nxe3 21.fxe3 Nc6 22.Nf2 Kf7
23.Rxd8 Nxd8 24.Bxb7 Nxb7 25.Rd1 Ke7 26.b3 Rc8 27.Kf1 h5 28.Kg2 a6 29.Ned3 Bd6
30.Ne4 b5 31.c5 Bb8  1/2-1/2

[Event "Rudenko Mem"]
[Site "St Petersburg RUS"]
[Date "2006.08.28"]
[Round "3"]
[White "Solovjova,V"]
[Black "Cherenkova,K"]
[Result "0-1"]
[WhiteElo "2265"]
[BlackElo "2224"]

1.e4 c5 2.c3 Nf6 3.e5 Nd5 4.d4 cxd4 5.Nf3 Nc6 6.cxd4 e6 7.Bc4 d6 8.O-O Be7
9.Qe2 O-O 10.Nc3 Nxc3 11.bxc3 dxe5 12.dxe5 b6 13.Qe4 Bb7 14.Bd3 g6 15.Bh6 Re8
16.Rad1 Qc7 17.Qf4 Rad8 18.h4 Rd5 19.c4 Rc5 20.Rfe1 Nb4 21.Ng5 Bxg5 22.Qxg5 f5
23.Bxf5 exf5 24.e6 f4 25.Qf6 Rf5 26.Qb2 Rh5 27.Bg5 Qc6 28.f3 Qc5+ 29.Qf2 Qxf2+
30.Kxf2 h6 31.Bxf4 Rxh4 32.g4 Rh3 33.Bg3 h5 34.gxh5 Rxh5 35.a3 Nc2 36.Re2 Nxa3
37.Rd7 Bc8 38.Rxa7 Nxc4 39.e7 Rd5 40.Rc7 Rd2 41.Rxd2 Nxd2 42.Ke3 Nf1+ 43.Kf2 Nxg3
44.Kxg3 Kf7 45.Rc6 b5 46.Rb6 Bd7  0-1

[Event "TCh-Serbia"]
[Site "Zlatibor SCG"]
[Date "2006.08.28"]
[Round "3"]
[White "Podinic,V"]
[Black "Vratonjic,S"]
[Result "0-1"]
[WhiteElo "2410"]
[BlackElo "2465"]

1.e4 c5 2.c3 Nf6 3.d3 Nc6 4.f4 e5 5.Nf3 exf4 6.Bxf4 d5 7.Nbd2 Be7 8.Qc2 O-O
9.Be2 Nh5 10.Be3 d4 11.Bf2 Nf4 12.Bf1 Be6 13.Nb3 Rc8 14.Qd2 Ng6 15.c4 a6
16.Be2 b5 17.cxb5 axb5 18.O-O h6 19.Rfc1 Nce5 20.Nxe5 Nxe5 21.Qd1 Qb6 22.Kh1 Bg5
23.Rc2 Rfd8 24.Qg1 Qd6 25.Na5 Rc7 26.b3 Ra7 27.b4 cxb4 28.Nb3 Be3 29.Bxe3 Bxb3
30.Rb2 dxe3 31.Rxb3 Qd4 32.Qe1 Ra4 33.Rab1 Rc8 34.h3 Rc3 35.Qd1 Rxb3 36.Qxb3 Ra3
37.Qc2 Rc3 38.Qd1 Nxd3 39.Bxd3 Rxd3 40.Qf3 g6 41.Re1 Rd2 42.Rxe3 Qa1+ 43.Kh2 Qe5+
44.Kg1 Rxa2 45.Rb3 Ra1+ 46.Kf2 Qc5+ 47.Kg3 Ra3 48.Kh2 Rxb3 49.Qxb3 Qc4 50.Qb1 b3
51.Qb2 b4 52.Qe5 Kh7 53.Qf6 b2 54.Qxb2 Qxe4 55.Qf6 Qb7 56.h4 b3 57.Qb2 h5
58.Kg1 Kg8 59.Kh1 Qb4 60.g3 Qe4+ 61.Kg1 Qc2  0-1

[Event "Adolfo Pedrido Mem"]
[Site "Vilagarcia de Arousa ESP"]
[Date "2006.08.29"]
[Round "5"]
[White "Carril Gonzalez,A"]
[Black "Gonzalez Roca,P"]
[Result "1-0"]
[WhiteElo "2089"]
[BlackElo "1872"]

1.e4 c5 2.c3 Nf6 3.e5 Nd5 4.d4 cxd4 5.cxd4 Nc6 6.Nf3 d6 7.exd6 Qxd6 8.Nc3 Bg4
9.Be2 e6 10.O-O Be7 11.Be3 O-O 12.Qd2 Rfd8 13.Rfd1 Rac8 14.Rac1 Nf6 15.h3 Bh5
16.Bf4 Qb4 17.a3 Qa5 18.Qe3 Qb6 19.g4 Bg6 20.b4 Rd7 21.g5 Nh5 22.Bh2 Rcd8
23.Na4  1-0

[Event "5th Open"]
[Site "Istanbul TUR"]
[Date "2006.08.31"]
[Round "2"]
[White "Vysochin,S"]
[Black "Kilic,S"]
[Result "1-0"]
[WhiteElo "2555"]
[BlackElo "2081"]

1.e4 c5 2.c3 Nf6 3.e5 Nd5 4.Nf3 e6 5.d4 cxd4 6.cxd4 d6 7.Bc4 Be7 8.O-O O-O
9.Qe2 Nc6 10.Re1 Re8 11.Nc3 Nxc3 12.bxc3 Qc7 13.Bd3 Bd7 14.Ng5 Bxg5 15.Bxg5 Ne7
16.Rac1 dxe5 17.dxe5 Bc6 18.Qh5 Ng6 19.Re3 h6 20.Bxh6 gxh6 21.Rg3 Re7 22.Re1 Rd8
23.Qxh6 Rd5 24.h4 Rxe5 25.Rxe5 Qxe5 26.h5 Qg7 27.Qg5 Kf8 28.hxg6 f5 29.Bc2 a6
30.Rh3 Qe5 31.Re3 Qg7 32.a3 Bd5 33.Bxf5  1-0

[Event "Universities"]
[Site "Istanbul TUR"]
[Date "2006.09.01"]
[Round "3"]
[White "Jordanova,S"]
[Black "Kalashian,D"]
[Result "0-1"]
[WhiteElo "2230"]
[BlackElo "2411"]

1.e4 c5 2.c3 Nf6 3.e5 Nd5 4.Nf3 Nc6 5.Bc4 Nb6 6.Bb3 d5 7.exd6 Qxd6 8.Na3 Bf5
9.d4 e6 10.O-O Qd7 11.dxc5 Bxc5 12.Qxd7+ Kxd7 13.Rd1+ Ke7 14.Nc4 Rhd8 15.Be3 Bxe3
16.Nxe3 Be4 17.Nd2 Bg6 18.Ndc4 Nxc4 19.Nxc4 b5 20.Na3 a6 21.Bc2 b4 22.cxb4 Nxb4
23.Bxg6 hxg6 24.Rxd8 Rxd8 25.Nc4 Nxa2 26.Kf1 Nb4 27.Ra4 Rb8 28.Ne5 Ke8 29.Ke2 Rb5
30.Nc4 Ke7 31.Kd2 g5 32.Ne3 a5 33.Nc4 Nc6 34.Kc3 Rc5 35.b3 g4 36.Kd3 Rh5
37.Ke3 Rxh2 38.Nxa5 Nxa5 39.Rxa5 Rxg2 40.Ra7+ Kf6 41.b4 g3 42.Kf3 Rxf2+ 43.Kxg3 Rb2
44.Rb7 g5 45.b5 Rb3+ 46.Kg2 Ke5 47.Rxf7 Rxb5 48.Kf3 Rb1 49.Rg7 Rf1+ 50.Ke2 Rf5
51.Ke3 Kf6 52.Rg8 Kf7 53.Kd4  0-1

[Event "TCh-Serbia w"]
[Site "Zlatibor SCG"]
[Date "2006.09.01"]
[Round "7"]
[White "Dragasevic Georgieva,A"]
[Black "Stojanovic,An"]
[Result "1/2-1/2"]
[WhiteElo "2134"]
[BlackElo "2239"]

1.e4 c5 2.c3 Nf6 3.e5 Nd5 4.d4 cxd4 5.Qxd4 e6 6.Nf3 Nc6 7.Qe4 d6 8.exd6 Bxd6
9.Bc4 O-O 10.O-O Nf6 11.Qh4 Ne7 12.Bg5 Nf5 13.Qh3 h6 14.Bxf6 Qxf6 15.Nbd2 Bc7
16.Ne4 Qe7 17.Rfe1 e5 18.Qh5 Be6 19.Bxe6 Qxe6 20.Nc5 Qc6 21.Qxf5 Qxc5 22.b4 Qd5
23.c4 Qc6 24.c5 a5 25.a3 g6 26.Qe4  1/2-1/2

[Event "5th Open"]
[Site "Istanbul TUR"]
[Date "2006.09.02"]
[Round "4"]
[White "Vysochin,S"]
[Black "Kozhuharov,S"]
[Result "1-0"]
[WhiteElo "2555"]
[BlackElo "2402"]

1.e4 c5 2.c3 Nf6 3.e5 Nd5 4.Nf3 e6 5.d4 cxd4 6.cxd4 d6 7.Bc4 Nb6 8.Bd3 dxe5
9.dxe5 N8d7 10.Qe2 Nc5 11.Bc2 Nd5 12.O-O Bd7 13.Rd1 Nb4 14.Nc3 Nxc2 15.Qxc2 Be7
16.Ne4 Nxe4 17.Qxe4 Qc7 18.Qg4 O-O-O 19.Be3 Bc6 20.Rxd8+ Qxd8 21.Rc1 Kb8
22.Nd4 Bd5 23.Nb5 Qa5 24.Qxg7 Rf8 25.Bxa7+ Ka8 26.Qxf8+  1-0

[Event "VIII Open"]
[Site "Sants ESP"]
[Date "2006.09.03"]
[Round "10"]
[White "Cuartas,Ja"]
[Black "Sharevich,A"]
[Result "1/2-1/2"]
[WhiteElo "2466"]
[BlackElo "2308"]

1.e4 c5 2.c3 Nf6 3.e5 Nd5 4.g3 e6 5.Bg2 Nc6 6.Nf3 d6 7.exd6 Bxd6 8.O-O O-O
9.d4 cxd4 10.Nxd4 Be5 11.Nf3 Bf6 12.Nbd2 g6 13.Qe2 Qc7 14.Nc4 Bg7 15.Re1 b6
16.Nce5 Bb7 17.Nxc6 Bxc6 18.Qc4 b5 19.Qh4 Ne7 20.Nd4 Bxg2 21.Kxg2 Qb7+ 22.Nf3 Nf5
23.Qe4 Qxe4 24.Rxe4 Nd6 25.Re2 Nc4 26.Bf4 Rfd8 27.Rc1 Rac8 28.b3 Nb6 29.Be5 f6
30.Bd4 e5 31.Bxb6 axb6 32.Rcc2 Rc5 33.Red2 Rdc8 34.Rd6 R5c6 35.Rxc6 Rxc6
36.Nd2 f5 37.Nb1 e4 38.Na3 Rxc3 39.Rxc3 Bxc3 40.Nxb5 Be5 41.a4 Kf7 42.b4 Ke6
43.a5 bxa5 44.bxa5 Kd5 45.a6 Kc6 46.f3 exf3+ 47.Kxf3 Kb6 48.a7 Kb7 49.h3 Ka8
50.g4 fxg4+ 51.Kxg4 h6 52.Kf3 h5 53.Ke4 Bg3 54.Kf3 Be5 55.Ke4 Bg3 56.Nd4 g5
57.Kf5 g4 58.hxg4 hxg4 59.Kxg4 Kxa7 60.Kxg3  1/2-1/2

[Event "Okie Masters"]
[Site "Tulsa USA"]
[Date "2006.09.03"]
[Round "5"]
[White "Galant,S"]
[Black "Gossell,T"]
[Result "1/2-1/2"]
[WhiteElo "2223"]
[BlackElo "2246"]

1.e4 c5 2.c3 Nf6 3.e5 Nd5 4.Nf3 d6 5.Bb5+ Bd7 6.Qb3 Bxb5 7.Qxb5+ Qd7 8.Qxd7+ Nxd7
9.exd6 e6 10.d4 Bxd6 11.O-O O-O 12.Nbd2 Rac8 13.Ne4 Be7 14.g3 cxd4 15.Nxd4 Ne5
16.Bg5 Bxg5 17.Nxg5 Rfd8 18.Rae1 Nc4 19.Re2 e5 20.Nf5 f6 21.Ne6 Rd7 22.Rd1 g6
23.Nh6+ Kh8 24.Rxd5 Rxd5  1/2-1/2

[Event "3rd Open"]
[Site "Kalamaria GRE"]
[Date "2006.09.04"]
[Round "7"]
[White "Hadzimanolis,A"]
[Black "Bizopoulos,A"]
[Result "1-0"]
[WhiteElo "2333"]
[BlackElo "2048"]

1.e4 c5 2.c3 Nf6 3.e5 Nd5 4.d4 cxd4 5.cxd4 e6 6.Nc3 Nxc3 7.bxc3 Qc7 8.Bd2 b6
9.f4 Nc6 10.Nf3 Bb7 11.Bd3 d6 12.O-O O-O-O 13.Qe2 h6 14.a4 g5 15.a5 g4 16.axb6 Qxb6
17.Rfb1 gxf3 18.gxf3 Qc7 19.Ba6 Na5 20.Rxa5 Qxa5 21.Rxb7 dxe5 22.Qc4+ Bc5
23.Rb5+ Qxa6 24.Rxc5+ Kb7 25.Rc7+ Kb8 26.Qxa6 Kxc7 27.Qxa7+ Kc6 28.fxe5 Rdg8+
29.Kf2  1-0

[Event "5th Open"]
[Site "Istanbul TUR"]
[Date "2006.09.05"]
[Round "7"]
[White "Vysochin,S"]
[Black "Miroshnichenko,E"]
[Result "1-0"]
[WhiteElo "2555"]
[BlackElo "2616"]

1.e4 c5 2.c3 Nf6 3.e5 Nd5 4.Nf3 d6 5.d4 cxd4 6.cxd4 Nc6 7.Bc4 Nb6 8.Bb3 dxe5
9.d5 Na5 10.Nc3 Nxb3 11.Qxb3 e6 12.Nxe5 Nxd5 13.Qb5+ Bd7 14.Qxb7 Bb4 15.Bd2 Bxc3
16.bxc3 Qc8 17.Rb1 Nb6 18.Qf3 O-O 19.Qg3 Kh8 20.Rb4 Be8 21.Rh4 Qc5 22.O-O Nd5
23.c4 Nf6 24.Bg5 Ng8 25.Bc1 f6 26.Ba3 Qxe5 27.Qxe5 fxe5 28.Bxf8 Bc6 29.Bd6 e4
30.Rb1 Rd8 31.c5 h6 32.Rf4 Rd7 33.Rf8 Kh7 34.Rc8 Bd5 35.a4  1-0

[Event "3rd Open"]
[Site "Kalamaria GRE"]
[Date "2006.09.05"]
[Round "8"]
[White "Dorfanis,I"]
[Black "Grigorov,G"]
[Result "0-1"]
[WhiteElo "2182"]
[BlackElo "2425"]

1.e4 c5 2.c3 Nf6 3.e5 Nd5 4.Nf3 Nc6 5.d4 cxd4 6.cxd4 d6 7.Bc4 Nb6 8.Bb5 dxe5
9.Nxe5 Bd7 10.Nxd7 Qxd7 11.O-O e6 12.Nc3 Be7 13.Qg4 O-O 14.Bxc6 bxc6 15.Bh6 Bf6
16.Rad1 Kh8 17.Ne4 Qe7 18.Bf4 Rfd8 19.Nxf6 Qxf6 20.Be5 Qg6 21.Qxg6 hxg6 22.Bc7 Rd7
23.Bxb6 axb6 24.a3 Ra4 25.Rc1 Rd6 26.Rfd1 Raxd4 27.Rxd4 Rxd4 28.b4 b5 29.Kf1 Rd6
30.Ke2 Kh7 31.f4 Kg8 32.Ke3 Kf8 33.a4 bxa4 34.Ra1 Rd5 35.Rxa4 g5 36.Ra8+ Ke7
37.Ra7+ Kf6 38.fxg5+ Rxg5 39.Kf3 Rf5+ 40.Ke3 Rb5 41.Ra6 Rxb4 42.Rxc6 g5 43.Rc7 g4
44.Kf2 Rb3 45.Rd7 e5 46.Rc7 Kg6 47.Ra7 f6 48.Rc7 Kg5 49.Rc5 Rb2+ 50.Kg3 Re2
51.Rc8 f5 52.Rg8+ Kf6 53.Rf8+ Ke6 54.h4 f4+ 55.Kxg4 Rxg2+ 56.Kf3 Rg3+ 57.Kf2 Kd5
58.h5 Rh3 59.Rh8 Ke4 60.Kg2 Rg3+ 61.Kf2 Rf3+ 62.Kg2 Ke3 63.Rg8 Rf2+ 64.Kg1 Ra2
65.h6 Ra1+ 66.Kh2 Ra6 67.Rh8 e4 68.h7 Ra7 69.Kg1 f3 70.Rb8 Rxh7 71.Rb3+ Kf4
72.Rb8 e3 73.Rb4+ Kg3  0-1

[Event "5th Kesarovski - Georgiev Mem"]
[Site "Sunny Beach BUL"]
[Date "2006.09.05"]
[Round "4"]
[White "Jordanov,Nikolay"]
[Black "Kirov,D"]
[Result "1/2-1/2"]
[WhiteElo "2241"]
[BlackElo "2133"]

1.e4 c5 2.c3 Nf6 3.e5 Nd5 4.Nf3 Nc6 5.Bc4 Nb6 6.Bb3 d6 7.exd6 Qxd6 8.O-O Bf5
9.d4 e6 10.a4 cxd4 11.Nxd4 Nxd4 12.cxd4 Bxb1 13.Rxb1 Be7 14.Qf3 Nd5 15.Bxd5 Qxd5
16.Qxd5 exd5 17.Re1 f6 18.Re3 Kd7 19.Rb3 b6 20.Rb5 Ke6 21.Bd2 Rhd8 22.Re1+ Kf7
23.a5 Rab8 24.Bf4 Bd6 25.Bxd6 Rxd6 26.Rc1 Ke7 27.Rb3 Rdd8 28.Rg3 g6 29.Re3+ Kd7
30.axb6 axb6 31.g4 Rbc8 32.Ra1 Ra8 33.Rxa8 Rxa8 34.Rh3 Ra2 35.Rxh7+ Ke6 36.h4 Rxb2
37.Rg7 Rd2 38.Rb7 Rxd4 39.Rxb6+ Kf7 40.f3 f5 41.Rb7+ Kg8 42.Rb6 Kg7 43.Rb7+  1/2-1/2

[Event "Open A"]
[Site "Trieste ITA"]
[Date "2006.09.05"]
[Round "5"]
[White "Koster,W"]
[Black "Ramesa,D"]
[Result "0-1"]
[WhiteElo "2202"]
[BlackElo "2249"]

1.e4 c5 2.c3 Nf6 3.e5 Nd5 4.Nf3 e6 5.b4 cxb4 6.c4 Ne7 7.d4 d5 8.exd6 Qxd6
9.Bd3 Ng6 10.O-O Be7 11.Nbd2 Qd8 12.Re1 Nc6 13.Bxg6 hxg6 14.Ne4 Rh5 15.Bb2 Kf8
16.Qd2 b5 17.g4 Rh3 18.Qf4 Rxf3 19.Qxf3 bxc4 20.Rad1 Qd5 21.Qg3 c3 22.Bc1 Nxd4
23.Qd3 e5  0-1

[Event "3rd Open"]
[Site "Kalamaria GRE"]
[Date "2006.09.06"]
[Round "9"]
[White "Nikolaidis,I"]
[Black "Papadopoulos,I"]
[Result "1-0"]
[WhiteElo "2538"]
[BlackElo "2285"]

1.e4 c5 2.c3 Nf6 3.e5 Nd5 4.d4 cxd4 5.cxd4 d6 6.Bc4 e6 7.Nf3 Nc6 8.O-O Nb6
9.Bd3 dxe5 10.dxe5 Nb4 11.Be4 Qxd1 12.Rxd1 Bd7 13.Bxb7 Nc2 14.Bxa8 Nxa8 15.Nc3 Nxa1
16.Ne1 Bc5 17.Bf4 Nb3 18.axb3 Bc6 19.Nc2 Ke7 20.b4 Bb6 21.b5 Bb7 22.Be3 Nc7
23.Bxb6 axb6 24.Rd6 Nd5 25.Ne3 Ra8 26.Nexd5+ Bxd5 27.f4 Ra1+ 28.Kf2 Rc1 29.Nxd5+ exd5
30.Ke3 Rc2 31.Rxb6 Rxg2 32.f5 Rg4 33.Rb7+ Ke8 34.b6 Rb4 35.Kd3 d4 36.e6 fxe6
37.fxe6 g5 38.Rb8+ Ke7 39.b7  1-0

[Event "ch-EU"]
[Site "Liverpool ENG"]
[Date "2006.09.06"]
[Round "1"]
[White "Littlewood,J"]
[Black "Van der Weide,K"]
[Result "0-1"]
[WhiteElo "2244"]
[BlackElo "2446"]

1.e4 c5 2.c3 Nf6 3.d3 Nc6 4.f4 d6 5.Nf3 g6 6.g3 Bg7 7.Bg2 O-O 8.O-O Rb8 9.h3 b5
10.a3 a5 11.g4 b4 12.axb4 axb4 13.e5 dxe5 14.fxe5 Nd5 15.c4 Nc7 16.Bf4 Ne6
17.Bg3 Bb7 18.Re1 Qd7 19.Kh2 Rbd8 20.Bf1 f5 21.exf6 Bxf6 22.Ra2 b3 23.Ra3 Bxb2
24.Rxb3 Ned4 25.Rxb7 Nxf3+ 26.Qxf3 Rxf3 27.Rxd7 Rxd7 28.Bg2 Nd4 29.Nd2 Rxd3
30.Ne4 Nf3+ 31.Bxf3 Rxf3 32.Rb1 Bd4 33.Ng5 Rf8 34.Ne6 Rc8 35.Kg2 Ra7 36.Rb3 h6
37.Kf3 Kf7 38.Nf4 Rca8  0-1

[Event "World Blitz"]
[Site "Rishon Le Zion ISR"]
[Date "2006.09.07"]
[Round "7"]
[White "Erenburg,S"]
[Black "Gelfand,B"]
[Result "0-1"]
[WhiteElo "2585"]
[BlackElo "2729"]

1.e4 c5 2.c3 Nf6 3.e5 Nd5 4.d4 cxd4 5.Nf3 d6 6.Bc4 Nb6 7.Bb3 dxe5 8.Nxe5 e6
9.cxd4 Nc6 10.Nxc6 bxc6 11.O-O Be7 12.Nc3 Ba6 13.Re1 O-O 14.Bf4 Nd5 15.Be5 Nxc3
16.bxc3 Bf6 17.Qf3 Rc8 18.Rad1 Qe7 19.Bc2 Rfd8 20.Qe4 g6 21.Qf3 Bg7 22.Bb3 c5
23.Bxg7 Kxg7 24.d5 c4 25.Bc2 Bb7 26.d6 Rxd6 27.Qe3 Rb6 28.a4 Qc5 29.Qd4+ Qxd4
30.Rxd4 Bd5 31.h4 f5 32.g4 Rb2 33.Bd1 Rb1 34.gxf5 gxf5 35.Kh2 Kf6 36.Re3 Rg8
37.Bf3 Bxf3 38.Rxf3 Rgg1 39.Rg3 Rh1+ 40.Kg2 e5 41.Rxc4 e4 42.Rc6+ Ke5 43.f4+ Kxf4
44.Rg5 Rbg1+ 45.Kf2 e3+ 46.Ke2 Rh2+ 47.Kd3 Rd2+ 48.Kc4 Rxg5 49.hxg5 e2 50.Re6 Kxg5
51.Kb5 f4 52.c4 f3 53.c5 f2 54.c6 f1=Q 55.c7 e1=Q+  0-1

[Event "ch-U20 Panamerican"]
[Site "Bogota COL"]
[Date "2006.09.08"]
[Round "9"]
[White "Cornejo,M"]
[Black "Capo Vidal,U"]
[Result "1/2-1/2"]
[WhiteElo "2251"]
[BlackElo "2357"]

1.e4 c5 2.c3 Nf6 3.e5 Nd5 4.d4 cxd4 5.cxd4 d6 6.Bc4 Nb6 7.Bb5+ Nc6 8.Nf3 dxe5
9.Nxe5 Bd7 10.Nxd7 Qxd7 11.Nc3 e6 12.O-O Be7 13.Qg4 O-O 14.Rd1 f5 15.Qf3 Rad8
16.Bxc6 Qxc6 17.Qxc6 bxc6 18.Bf4 Bf6 19.Be5 Bxe5 20.dxe5 Nc4 21.b3 Nxe5 22.Re1 Rd3
23.Rxe5 Rxc3 24.Rxe6 Rd8 25.Re2 Kf7 26.Rae1 Rd7 27.f3 c5 28.Kf2 c4 29.bxc4 Rxc4
30.Rb1 Rdc7 31.Rb5  1/2-1/2

[Event "ch-EU"]
[Site "Liverpool ENG"]
[Date "2006.09.08"]
[Round "3"]
[White "Surtees,M"]
[Black "Ciuksyte,D"]
[Result "1-0"]
[WhiteElo "2182"]
[BlackElo "2440"]

1.e4 c5 2.c3 Nf6 3.d3 Nc6 4.f4 d6 5.Na3 e5 6.f5 d5 7.Qf3 h6 8.g4 Be7 9.h4 dxe4
10.dxe4 Nd7 11.g5 hxg5 12.hxg5 Rxh1 13.Qxh1 Bxg5 14.Qh8+ Nf8 15.Nf3 Bf6 16.Bc4 Qe7
17.Qg8 Bd7 18.Be3 O-O-O 19.Qxf7 Na5 20.Qxe7 Bxe7 21.Nxe5 Nxc4 22.Naxc4 Bb5
23.Kf2 b6 24.Rh1 Kb7 25.Rh8 Rd1 26.Rg8 Nd7 27.Rxg7 Bf6 28.Rf7 Bxc4 29.Nxc4 Kc6
30.a4 Ra1 31.e5 Bxe5 32.Rxd7 Kxd7 33.Nxe5+ Kd6 34.f6 Rh1 35.f7 Ke7 36.Bg5+ Kf8
37.Kf3 a6 38.Ke4 b5 39.a5 b4 40.c4 b3 41.Kd5 Rh5 42.Be3  1-0

[Event "5th Kesarovski - Georgiev Mem"]
[Site "Sunny Beach BUL"]
[Date "2006.09.08"]
[Round "7"]
[White "Angelov,K"]
[Black "Maryasin,B"]
[Result "1-0"]
[WhiteElo "2191"]
[BlackElo "2332"]

1.e4 c5 2.c3 Nf6 3.e5 Nd5 4.d4 cxd4 5.Nf3 Nc6 6.Bc4 Nb6 7.Bb3 g6 8.Ng5 d5
9.exd6 e6 10.Qf3 f5 11.Bxe6 Bxe6 12.Nxe6 Qxd6 13.Nxd4 Nxd4 14.cxd4 Qd5 15.Qxd5 Nxd5
16.O-O Rc8 17.Nd2 Bg7 18.Re1+ Kd7 19.Nf3 Rc2 20.Rb1 Re8 21.Rxe8 Kxe8 22.a3 Kd7
23.Kf1 f4 24.Ke1 h6 25.Bd2 g5 26.h3 Kd6 27.Ke2 Nc7 28.Kd3 Rc6 29.Re1 Ne6
30.Bc3 Kd5 31.Re4 Ra6 32.Nd2 Ra4 33.Nb3 b6 34.Bb4 a5 35.Bc3 Bf6 36.Re1 Nc7
37.Nd2 Nb5 38.Re8 Nd6 39.Rb8 b5 40.Nb3 b4 41.Nc5 bxc3 42.Nxa4 c2 43.Nc3+ Kc6
44.Ne2 f3 45.gxf3 Kd5 46.Kxc2 Bxd4 47.Nxd4 Kxd4 48.Rd8 Ke5 49.Rxd6  1-0

[Event "Open A"]
[Site "Trieste ITA"]
[Date "2006.09.08"]
[Round "8"]
[White "Pelosin,M"]
[Black "Heikkila,A"]
[Result "1-0"]
[WhiteElo "1798"]
[BlackElo "2088"]

1.e4 c5 2.c3 Nf6 3.e5 Nd5 4.Nf3 d6 5.exd6 Qxd6 6.Na3 Nc6 7.d4 cxd4 8.Nxd4 e6
9.Nxc6 bxc6 10.Nc4 Qc7 11.Be2 Ba6 12.Qa4 Bb5 13.Qa5 Qb8 14.a4 Bxc4 15.Bxc4 Qe5+
16.Be2 Bd6 17.Qa6 O-O 18.Qd3 Rfd8 19.g3 Rab8 20.O-O Rb7 21.Qf3 a5 22.Rd1 Rbd7
23.Bd2 Nf6 24.Bf4 Qc5 25.Be3 Qe5 26.Qxc6 Nd5 27.Rd3 Rc7 28.Qb5 Rcc8 29.Rad1 Rb8
30.Qxa5 Bc7 31.Qa6 Rxb2 32.c4 Rxe2 33.cxd5 Qd6 34.Qc4 e5 35.Rb3 Rxe3 36.Rxe3 Bb6
37.Re2 Bd4 38.Red2 Qxd5 39.Qxd5 Rxd5 40.Kf1 f6 41.Ke2 Kf7 42.f4 Ra5 43.Ra2 h5
44.fxe5 Bxe5 45.Rb1 h4 46.Kf3 hxg3 47.hxg3 g5 48.g4 Rd5 49.a5 Rd3+ 50.Ke2 Rg3
51.Ra4 Bf4 52.a6 Re3+ 53.Kf2 Re8 54.Rb7+ Kg6 55.a7 Ra8 56.Kf3 Bd6 57.Ra6 Bc5
58.Ke4 Bg1 59.Kd5 Bf2 60.Rd7 Bg1 61.Kc6  1-0

[Event "EU-chG18"]
[Site "Herceg Novi MNE"]
[Date "2006.09.10"]
[Round "1"]
[White "Laurusaite,B"]
[Black "Kozak,Ma"]
[Result "1/2-1/2"]
[WhiteElo "1962"]
[BlackElo "2205"]

1.e4 c5 2.c3 Nf6 3.e5 Nd5 4.d4 cxd4 5.Qxd4 e6 6.Bc4 Nc6 7.Qe4 Nb6 8.Bb3 d6
9.Nf3 Nxe5 10.Nxe5 dxe5 11.Qxe5 Qd3 12.Be3 Bd7 13.Nd2 Rc8 14.O-O-O Qb5 15.Qg3 Nd5
16.Bd4 a5 17.Ne4 a4 18.Bxd5 Qxd5 19.Bxg7 Qxe4 20.Rd4 Qf5 21.Bxh8 a3 22.Rhd1 axb2+
23.Kxb2 Ba4 24.Qd3 Qa5 25.Rb1 Ra8 26.Qc4 Bc6 27.Ka1 Bd5 28.Rxd5 Qxd5 29.Qxd5 exd5
30.Rxb7 Bc5 31.f3 Ra4 32.Kb2 Ra5 33.Be5 Be7 34.Kb3 Ra3+ 35.Kb2 Ra5 36.Bc7 Rc5
37.Be5 Ra5  1/2-1/2